| 000 | 00000nam 2200000zi 4500 |
| 001 | 9.939855 |
| 003 | CaOODSP |
| 005 | 20250811100050 |
| 006 | m o d f |
| 007 | cr mn||||||||| |
| 008 | 240626t20242024oncd obs f000 0 fre d |
| 040 | |aCaOODSP|bfre|erda|cCaOODSP |
| 043 | |an-cn--- |
| 086 | 1 |aCS36-28-0001/2024-6-5F-PDF |
| 100 | 1 |aStick, Max, |eauteur. |
| 245 | 10|aProfil socioéconomique des immigrants en âge de travailler vivant au sein d’un couple de même sexe au Canada de 2000 à 2020 / |cpar Max Stick, Allison Leanage et Rubab Arim. |
| 264 | 1|a[Ottawa] : |bStatistique Canada = Statistics Canada, |c2024. |
| 264 | 4|c©2024 |
| 300 | |a1 ressource en ligne (23 pages) : |bgraphiques. |
| 336 | |atexte|btxt|2rdacontent/fre |
| 337 | |ainformatique|bc|2rdamedia/fre |
| 338 | |aressource en ligne|bcr|2rdacarrier/fre |
| 490 | 1 |aRapports économiques et sociaux, |x2563-8963 ; |vVol. 4, no. 6, juin 2024 |
| 500 | |aTitre de la couverture. |
| 500 | |a« Date de diffusion : le 26 juin 2024. » |
| 500 | |aPublié aussi en anglais sous le titre : Socioeconomic profile of working-age immigrants in same-sex couples in Canada from 2000 to 2020. |
| 504 | |aComprend des références bibliographiques (pages 21-23). |
| 650 | 6|aImmigrants|zCanada|xStatistiques. |
| 650 | 6|aImmigrants|zCanada|xConditions économiques|vStatistiques. |
| 650 | 6|aCouples homosexuels|zCanada|vStatistiques. |
| 655 | 7|aStatistiques|2rvmgf |
| 710 | 2 |aStatistique Canada, |eorganisme de publication. |
| 775 | 08|tSocioeconomic profile of working-age immigrants in same-sex couples in Canada from 2000 to 2020 / |w(CaOODSP)9.939853 |
| 830 | #0|aRapports économiques et sociaux (Statistique Canada)|x2563-8963 ; |vVol. 4, no. 6, juin 2024.|w(CaOODSP)9.895770 |
| 856 | 40|qPDF|s818 Ko|uhttps://publications.gc.ca/collections/collection_2024/statcan/36-28-0001/CS36-28-0001-2024-6-5-fra.pdf |
| 856 | 4 |qHTML|sS.O.|uhttps://www150.statcan.gc.ca/n1/pub/36-28-0001/2024006/article/00005-fra.htm |